000 00834nam a2200301Ia 4500
001 8418
005 20240113234110.0
007 ta
008 050719s 199 a g b000 u eng u
020 _cHB
040 _aCotton College,Assam
041 _aeng
082 _a320.954
_bJa 33 Co
100 _aJayapalan, N. .
245 0 _aConstitutional History of India /
_cN. Jayapalan.
_hTextual Documents
250 _a1st ed. /
260 _aNew Delhi :
_bAtlantic Publishers ,
_cC 1998.
300 _axi, 214p. :
_bill. ;
_c22cm .
504 _aIndex
653 _aPolitical Science
653 _aConstitution-India-History
653 _aIndian constitution-History
653 _aConstitutional History-India
653 _aPG-Political Science
942 _2ddc
_cBK
999 _c8405
_d8405